Analysis of budgetary transactions of state government. (Record no. 693430)
[ view plain ]
| 000 -LEADER | |
|---|---|
| fixed length control field | 00824nam a2200241Ia 4500 |
| 003 - CONTROL NUMBER IDENTIFIER | |
| control field | OSt |
| 005 - DATE AND TIME OF LATEST TRANSACTION | |
| control field | 20220927105619.0 |
| 008 - FIXED-LENGTH DATA ELEMENTS--GENERAL INFORMATION | |
| fixed length control field | 220926b |||||||| |||| 00| 0 eng d |
| 037 ## - SOURCE OF ACQUISITION | |
| Terms of availability | Reference Collections |
| 040 ## - CATALOGING SOURCE | |
| Original cataloging agency | RTL |
| Transcribing agency | RTL |
| Language of cataloging | eng |
| 041 ## - LANGUAGE CODE | |
| Source of code | eng |
| Language code of text/sound track or separate title | eng |
| 110 ## - MAIN ENTRY--CORPORATE NAME | |
| Corporate name or jurisdiction name as entry element | "PATNA, ECONOMICS AND STATISTICS (D/o-), Deptt. of Planning and Development" |
| 9 (RLIN) | 373711 |
| 245 #0 - TITLE STATEMENT | |
| Title | Analysis of budgetary transactions of state government. |
| 260 ## - PUBLICATION, DISTRIBUTION, ETC. | |
| Place of publication, distribution, etc. | Patna |
| Name of publisher, distributor, etc. | Government Press |
| 490 ## - SERIES STATEMENT | |
| Volume/sequential designation | 01493320- 2006-07 to 2008-09 (85p) |
| 700 ## - ADDED ENTRY--PERSONAL NAME | |
| Personal name | "PATNA, ECONOMICS AND STATISTICS (D/o-), Deptt. of Planning and Development" |
| 9 (RLIN) | 373712 |
| 942 ## - ADDED ENTRY ELEMENTS (KOHA) | |
| Classification part | "X71.273s, Q0/GD" |
| Koha item type | |
| Withdrawn status | Lost status | Damaged status | Not for loan | Home library | Current library | Date acquired | Serial Enumeration / chronology | Total Checkouts | Full call number | Barcode | Date last seen | Price effective from | Koha item type |
|---|---|---|---|---|---|---|---|---|---|---|---|---|---|
| Ratan Tata Library | Ratan Tata Library | 2022-09-27 | 01493320- 2006-07 to 2008-09 (85p) | "X71.273s Q0/GD" | RT1493320 | 2022-09-27 | 2022-09-27 |
